000 00654nam a2200241Ia 4500
003 OSt
005 20221007105517.0
006 a|||||r|||| 00| 0
007 ta
008 221006b |||||||| |||| 00| 0 eng d
024 _a18,758
037 _cTextual
040 _aLCO
_cLCO
_beng
041 _2eng
_aeng
082 _aZ2,211,3, M3
100 _aTiwari S.K
245 0 _aAll India Digest of Rent Control and Eviction Cases 1981-83
260 _aDelhi
_bSeven Stars Publications India
_c1983
300 _a245
650 _aRENT CONTROL
_9685920
942 _hZ2,211,3, M3
_cTEXL
999 _c1188321
_d1188321